Tarzan / (Record no. 21964)
[ view plain ]
| 000 -LEADER | |
|---|---|
| fixed length control field | 01229nam a2200421 a 4500 |
| 001 - CONTROL NUMBER | |
| control field | 21964 |
| 003 - CONTROL NUMBER IDENTIFIER | |
| control field | CZ PrNK |
| 005 - DATE AND TIME OF LATEST TRANSACTION | |
| control field | 20260316115132.0 |
| 007 - PHYSICAL DESCRIPTION FIXED FIELD--GENERAL INFORMATION | |
| fixed length control field | ta |
| 008 - FIXED-LENGTH DATA ELEMENTS--GENERAL INFORMATION | |
| fixed length control field | 061120s2006 xr a b 000 j slo |
| 015 ## - NATIONAL BIBLIOGRAPHY NUMBER | |
| National bibliography number | cnb001698360 |
| 020 ## - INTERNATIONAL STANDARD BOOK NUMBER | |
| International Standard Book Number | 8025204308 |
| Qualifying information | (váz.) |
| 035 ## - SYSTEM CONTROL NUMBER | |
| System control number | (OCoLC)85720339 |
| 040 ## - CATALOGING SOURCE | |
| Original cataloging agency | OLA001 |
| Language of cataloging | cze |
| Modifying agency | ABA001 |
| -- | BOA001 |
| 041 1# - LANGUAGE CODE | |
| Language code of text/sound track or separate title | slo |
| Language code of original | cze |
| 072 #7 - SUBJECT CATEGORY CODE | |
| Subject category code | 821-93 |
| Subject category code subdivision | Literatura pro děti a mládež (beletrie) |
| Source | Konspekt |
| 080 ## - UNIVERSAL DECIMAL CLASSIFICATION NUMBER | |
| Universal Decimal Classification number | 821-32 |
| Edition identifier | MRF |
| 080 ## - UNIVERSAL DECIMAL CLASSIFICATION NUMBER | |
| Universal Decimal Classification number | 821-93 |
| Edition identifier | MRF |
| 080 ## - UNIVERSAL DECIMAL CLASSIFICATION NUMBER | |
| Universal Decimal Classification number | (0:82-32) |
| Edition identifier | MRF |
| 100 1# - MAIN ENTRY--PERSONAL NAME | |
| Personal name | Cmíral, Pavel, |
| Dates associated with a name | 1945- |
| Relationship | aut |
| 245 10 - TITLE STATEMENT | |
| Title | Tarzan / |
| Statement of responsibility, etc. | rozpráva Pavel Cmíral |
| 250 ## - EDITION STATEMENT | |
| Edition statement | 1. vyd. |
| 260 ## - PUBLICATION, DISTRIBUTION, ETC. | |
| Place of publication, distribution, etc. | V Prahe : |
| Name of publisher, distributor, etc. | Egmont, |
| Date of publication, distribution, etc. | 2006 |
| 300 ## - PHYSICAL DESCRIPTION | |
| Extent | 64 s. : |
| Other physical details | barev. il. ; |
| Dimensions | 29 cm |
| 490 1# - SERIES STATEMENT | |
| Series statement | Kúzelná zbierka rozprávok |
| 500 ## - GENERAL NOTE | |
| General note | Přeloženo z češtiny |
| 500 ## - GENERAL NOTE | |
| General note | Podle anglického vyd. |
| 500 ## - GENERAL NOTE | |
| General note | Nad názvem: Disney |
| 655 #7 - INDEX TERM--GENRE/FORM | |
| Genre/form data or focus term | příběhy |
| Source of term | czenas |
| 655 #7 - INDEX TERM--GENRE/FORM | |
| Genre/form data or focus term | publikace pro děti |
| Source of term | czenas |
| 655 #9 - INDEX TERM--GENRE/FORM | |
| Genre/form data or focus term | stories |
| Source of term | eczenas |
| 655 #9 - INDEX TERM--GENRE/FORM | |
| Genre/form data or focus term | children's literature |
| Source of term | eczenas |
| 710 2# - ADDED ENTRY--CORPORATE NAME | |
| Corporate name or jurisdiction name as entry element | Walt Disney Enterprises |
| 830 #0 - SERIES ADDED ENTRY--UNIFORM TITLE | |
| Uniform title | Kúzelná zbierka rozprávok |
| 901 ## - LOCAL DATA ELEMENT A, LDA (RLIN) | |
| b | 9788025204306 |
| f | 1. vyd. |
| o | 20070124 |
| 910 ## - USER-OPTION DATA (OCLC) | |
| User-option data | ABA001 |
| 942 ## - ADDED ENTRY ELEMENTS (KOHA) | |
| Source of classification or shelving scheme | Dewey Decimal Classification |
| Koha item type | Krásna literatúra pre deti |
| Suppress in OPAC | No |
| Stav vyradenia | Strata | Poškodenie | Spôsob nadobudnutia | Domovská knižnica | Aktuálna knižnica | Dátum nadobudnutia | Total checkouts | Čiarový kód exemplára | Date last seen | Typ exemplára |
|---|---|---|---|---|---|---|---|---|---|---|
| Dar | Obecná knižnica Turčianska Štiavnička | Obecná knižnica Turčianska Štiavnička | 16.03.2026 | 4738000407 | 16.03.2026 | Krásna literatúra pre deti |
